Scrambled Bollywood Songs - Statistics

General Stats
  • This quiz has been taken 327 times
  • The average score is 8 of 20
Answer Stats
Songs Movie Answer % Correct
raadh Student of the Year Radha
86%
umht ho i Aashiqui 2 Tum Hi Ho
86%
dtbelmadaeiz Yeh Jaawani Hai Daawani Badtameez Dil
80%
zlaimaa Qurbani Zaalima
68%
aywehina Jab Harry Met Sejal Hawayein
66%
rtruukutuk Dilwale Tukur Tukur
65%
i d dogbygmggyi Sonu Ke Titu Ki Sweety Bom Diggy Diggy
62%
e mihut s Jab We Met Tum Se Hi
62%
na anmayrehce Ae Dil Hai Mushkil Channa Mereya
59%
hodnuotnmaladk Queen London Thumakda
58%
mmacach h Baaghi Cham Cham
56%
aiamaykr Stree Kamariya
56%
alta lig agy Race 2 Lat Lag Gayi
56%
anhkjteuu MS Dhoni, The Untold Story Kaun Tujhe
54%
aglhcra klyui Kapoor & Sons Kar Gayi Chull
53%
u obbmem bul Taare Zameen Par Bum Bum Bole
50%
haakyrtii Chhichhore Khairiyat
47%
r iaaaphaaonkyha Kaho Naa... Pyaar Hai Kaho Naa Pyaar Hai
42%
airunab dakidihl Badrinath Ki Dulhania Badri Ki Dulhania
41%
eeemhdehdeem Pati Patni Aur Woh Dheeme Dheeme
41%
iltgkatseeias m Jagga Jasoos Galti Se Mistake
40%
akraa ynehm Simba Aankh Marey
39%
rhoas t a ghumtaa Tamasha Agar Tum Saath Ho
38%
basakdaoh b bsa nys pai Sultan Baby Ko Bass Pasand Hai
34%
evsaat No movie Vaaste
31%
tiicannilhtayaakaya Roy Chittiyaan Kalaiyaan
30%
adadbrbaaaa ab Ludo Aabaad Barbaad
29%
je theouah dkt Dilwale Dulhania Le Jayenge Tujhe Dekha To
29%
eloakllpat Shaadi Mein Zaroor Aana Pallo Latke
27%
lhneucaidoby Kabhi Kushi Kabhie Gham Bole Chudiyan
26%
cra ha sendnaee Baar Baar Dekho Nachde Ne Saare
25%
a naukjdae Bachna Ae Haseeno Kuda Jaane
19%
kikktii lad a Masoom Lakdi Ki Kati
13%
ay ak aaa djddhihkd Kalyug Jiya Dhadak Dhadak
11%
taowjhainasgne Student of the Year 2 The Jawaani Song
10%
eteogaio maiioagns a nk Yes Boss Main Koi Aisa Geet Gaoon
7%
aparihehaeb kailhd Saajan Dekha Hai Pehli Baar
6%
shotaia Bhaagi O Saathi
6%
ihyiahycayaa cy Bombay Chaiyya Chaiyya
2%
lgaondla yoagin Dil Dhadakne Do Gallan Goodyian
0%
No matching quizzes found
Score Distribution
Percent of People with Each Score
Percentile by Number Answered
Your Score History
You have not taken this quiz